Statistiques concernant Puzzle - Mots Zaïque #1

Cliquez ici pour prendre le quiz!

Statistiques générales

  • Ce quiz a été pris 966 fois
  • Le résultat moyen est 8 sur 16

Réponses sur la Carte

Les réponses sont colorées sur une échelle allant du rouge au vert en fonction du pourcentage des utilisateurs qui les ont devinées à leur premier essai. Vous pouvez retrouver ces pourcentages ci-dessous.
 

Statistiques - réponses

Réponse% Correct
IE
70%
CR
67%
AN
66%
NT
62%
TU
62%
LI
61%
RO
59%
BA
45%
PA
43%
UR
42%
CO
41%
EM
40%
GR
40%
LE
40%
OU
38%
RE
29%

Distribution des résultats

Percentile par nombre de réponses

% des personnes avec chaque résultat

Votre développement - résultats

Vous n’avez pas pris ce quiz